[Event "Tres Cantos op 2nd"]
[Site "Tres Cantos"]
[Date "2010.06.25"]
[Round "7"]
[White "Bernal Navarrete, Marcelo Andres"]
[Black "Krohn Montalvo, Francisco J"]
[Result "1/2-1/2"]
[WhiteElo "1636"]
[BlackElo "1942"]
[PlyCount "65"]
[EventDate "2010.06.19"]
[EventType "swiss"]
[EventRounds "9"]
[EventCountry "ESP"]
[SourceTitle "CBM 137 Extra"]
[Source "ChessBase"]
[SourceDate "2010.09.01"]
[SourceVersion "1"]
[SourceVersionDate "2010.09.01"]
[SourceQuality "1"]

1. e4 e5 2. Nf3 Nc6 3. Bb5 a6 4. Ba4 Nf6 5. d3 b5 6. Bb3 Be7 7. 0-0 0-0 8. h3 d6 9. c3 Bb7 10. Re1 Nb8 11. Nbd2 Nbd7 12. Nf1 c5 13. Ng3 Rc8 14. Bc2 Ne8 15. Nf5 Bf6 16. Qe2 Nb6 17. Be3 d5 18. Nh2 Nd6 19. Ng3 dxe4 20. dxe4 Bg5 21. Rad1 Bxe3 22. Qxe3 Nbc4 23. Qc1 Qe7 24. b3 Na5 25. Ng4 Rcd8 26. Ne3 g6 27. Ng4 Nc6 28. Qh6 f6 29. h4 Nf7 30. Qe3 Bc8 31. Qf3 Bxg4 32. Qxg4 Nh6 33. Qe2 1/2-1/2

[Event "Tres Cantos op 2nd"]
[Site "Tres Cantos"]
[Date "2010.06.21"]
[Round "3"]
[White "Martin Rodriguez, Jose Luis"]
[Black "Krohn Montalvo, Francisco J"]
[Result "1-0"]
[WhiteElo "1538"]
[BlackElo "1942"]
[PlyCount "69"]
[EventDate "2010.06.19"]
[EventType "swiss"]
[EventRounds "9"]
[EventCountry "ESP"]
[SourceTitle "CBM 137 Extra"]
[Source "ChessBase"]
[SourceDate "2010.09.01"]
[SourceVersion "1"]
[SourceVersionDate "2010.09.01"]
[SourceQuality "1"]

1. e4 e5 2. Nf3 Nc6 3. d4 exd4 4. Nxd4 Bc5 5. Nb3 Bb6 6. a4 Qf6 7. Qe2 a5 8. Nc3 Nge7 9. Be3 Bxe3 10. Qxe3 0-0 11. 0-0-0 d6 12. Nd5 Nxd5 13. exd5 Ne5 14. f3 Bd7 15. Qc3 Qf4+ 16. Kb1 Qb4 17. Qxb4 axb4 18. a5 Ba4 19. Rd4 Bxb3 20. cxb3 Rxa5 21. Rxb4 Rxd5 22. Rxb7 c6 23. Bc4 Rd4 24. Ba6 g5 25. Kc2 Rd8 26. Rd1 Rxd1 27. Kxd1 Rd7 28. Rxd7 Nxd7 29. Kc2 f5 30. Bc8 Nb6 31. Bxf5 Nd5 32. Be6+ Kg7 33. Bxd5 cxd5 34. Kd3 Kf6 35. Kd4 1-0